The amplified Bible, containing the amplified Old Testament and the amplified New Testament. (Record no. 6833)
[ view plain ]
| 000 -LEADER | |
|---|---|
| fixed length control field | 00835cam a2200241 a 4500 |
| 001 - CONTROL NUMBER | |
| control field | 4788521 |
| 003 - CONTROL NUMBER IDENTIFIER | |
| control field | GBCCL |
| 005 - DATE AND TIME OF LATEST TRANSACTION | |
| control field | 20241126110613.0 |
| 008 - FIXED-LENGTH DATA ELEMENTS--GENERAL INFORMATION | |
| fixed length control field | 870602s1987 miuaf 000 0 eng |
| 010 ## - | |
| -- | 87050612 |
| 020 ## - INTERNATIONAL STANDARD BOOK NUMBER | |
| International Standard Book Number | 0310951682 |
| 040 ## - CATALOGING SOURCE | |
| Original cataloging agency | DLC |
| Transcribing agency | DLC |
| Modifying agency | DLC |
| 050 00 - | |
| -- | BS195 |
| -- | .A53 1987 |
| 082 00 - DEWEY DECIMAL CLASSIFICATION NUMBER | |
| Classification number | 220.52 |
| Edition information | 19 |
| Item number | BIB |
| 130 0# - | |
| -- | Bible. |
| -- | English. |
| -- | Amplified. |
| -- | 1987. |
| -- | 12245 |
| 245 14 - TITLE STATEMENT | |
| Title | The amplified Bible, containing the amplified Old Testament and the amplified New Testament. |
| 250 ## - EDITION STATEMENT | |
| Edition statement | Expanded ed. |
| 260 ## - PUBLICATION, DISTRIBUTION, ETC. | |
| Place of publication, distribution, etc. | Grand Rapids, Mich. : |
| Name of publisher, distributor, etc. | Zondervan, |
| Date of publication, distribution, etc. | c1987. |
| 300 ## - PHYSICAL DESCRIPTION | |
| Extent | x, 1514, 192 p., [8] p. of plates : |
| Other physical details | col. ill. ; |
| Dimensions | 23 cm. |
| 856 42 - ELECTRONIC LOCATION AND ACCESS | |
| Materials specified | Publisher description |
| Uniform Resource Identifier | <a href="http://www.loc.gov/catdir/enhancements/fy0633/87050612-d.html">http://www.loc.gov/catdir/enhancements/fy0633/87050612-d.html</a> |
| 906 ## - LOCAL DATA ELEMENT F, LDF (RLIN) | |
| a | 7 |
| b | cbc |
| c | orignew |
| d | 2 |
| e | ocip |
| f | 19 |
| g | y-gencatlg |
| 942 ## - ADDED ENTRY ELEMENTS (KOHA) | |
| Source of classification or shelving scheme | Dewey Decimal Classification |
| Koha item type | Reference Books |
| Withdrawn status | Lost status | Source of classification or shelving scheme | Damaged status | Not for loan | Home library | Current Library | Shelving location | Date acquired | Total checkouts | Full call number | Barcode | Date last seen | Copy number | Price effective from | Koha item type |
|---|---|---|---|---|---|---|---|---|---|---|---|---|---|---|---|
| Dewey Decimal Classification | GRACE BIBLE COLLEGE | GRACE BIBLE COLLEGE | Bible | 2018-06-29 | 220.52 BIB | 013302 | 2025-05-01 | c.2 | 2018-06-29 | Reference Books | |||||
| Dewey Decimal Classification | GRACE BIBLE COLLEGE | GRACE BIBLE COLLEGE | Bible | 2018-06-29 | 220.52 BIB | 013301 | 2025-05-01 | c.1 | 2018-06-29 | Reference Books |